AK’s General Knowledge A-Z #56 - Statistics

General Stats
  • This quiz has been taken 364 times
  • The average score is 15 of 26
Answer Stats
Hint Answer % Correct
I – who will always love you, according to Whitney Houston or Dolly Parton I
94%
U – institution of higher education where subjects are studied and degrees are offered University
92%
S – to cut violently across something with a blade / Guns N’Roses guitarist Slash
79%
B – physicist whose alter ego is the Hulk Bruce Banner
77%
D – musical genre of the Bee Gees (“The _____ Kings”) Disco
77%
W – not the best, but sausage in Dutch Worst
75%
H – first name of Lee who wrote To Kill a Mockingbird Harper
72%
M – Olympics host city in 1980, the only Summer Olympics ever held in Eastern Europe Moscow
71%
T – Saturn’s largest moon, where it rains methane Titan
70%
R – John D. who founded the Standard Oil Company and was USA’s first billionaire Rockefeller
65%
O – first name of de Havilland who won ‌her second Oscar for Best Actress in The Heiress (1949) Olivia
64%
Q – between trillion and quintillion Quadrillion
64%
L – Queen Guinevere’s lover Lancelot
63%
J – meaning of Spanish word “zumo” (e.g. zumo de naranja) Juice
62%
Z – juice in Spanish (and you know this) Zumo
57%
C – a space for processing and storage, or something euphoric if numbered nine Cloud
56%
A – after Brazil, the second-largest Lusophone country in the world Angola
53%
G – name of the family in Family Guy Griffin
53%
Y – the second-largest city in Japan Yokohama
52%
F – F in AFK or afk From
45%
X – manager of La Liga club Barcelona since 2021 and widely considered one of the greatest midfielders of all time Xavi
43%
N – country that moved alphabetically under N in 2019 North Macedonia
42%
V – one who governs a country, province, or colony as the representative of a monarch (includes the French word for king) Viceroy
35%
P – capital of the smallest sovereign state in South America Paramaribo
34%
E – Hieronymus Bosch’s painting The Garden of _______ Delights Earthly
33%
K – native name of Cambodia Kampuchea
15%
No matching quizzes found
Score Distribution
Percent of People with Each Score
Percentile by Number Answered
Your Score History
You have not taken this quiz